Famous Landmarks of Switzerland - Statistics

General Stats
  • This quiz has been taken 39 times
  • The average score is 7 of 18
Answer Stats
Picture Answer % Correct
Matterhorn
100%
Rhine Falls
53%
Aletsch Glacier
50%
Jungfraujoch
50%
Château de Chillon
47%
Federal Palace
47%
Jet d'Eau
47%
Chapel Bridge Lucerne
42%
Creux du Van
33%
Lion Monument of Lucerne
33%
Zytglogge Berne
33%
Grossmünster Zurich
28%
Landwasser Viaduct / Rhaetian Railway
28%
Oeschinen Lake
25%
Ponte dei Salti (Verzasca Valley)
22%
Abbey library of Saint Gall
14%
Basel Minster
11%
Castles of Bellinzona
8%
No matching quizzes found
Score Distribution
Percent of People with Each Score
Percentile by Number Answered
Your Score History
You have not taken this quiz